00982nam a2200265 i 4500003000900000005001700009007000300026008004100029040003000070082001800100100004200118245013300160264005000293300004000343336002700383337003300410338002800443490002900471700003500500700003500535700004000570700003500610700003900645700003200684DO-SdBNP20250611112301.0ta250506s1981 dr a 000 0 spa d aDO-SdBNPbspacBNPHUerda axxxbC3552221 aCastro de la Mata, Renatoeautor4aut10aMedicina popular /cRenato Castro de la Mata, Sussara Bresarni, Alejandro Crespo, Bárbara Ehrenreich, Eduardo Estrella y otros 1aSanto Domingo :bImpresora Corporán,c1981. a75 páginasbilustracionesc21 cm. atextobtxt2rdacontent asin mediaciónbn2rdamedia avolumenbnc2rdacarrier0 aSalud y medicina popular1 aBresarni, Sussaraeautor4aut.1 aCrespo, Alejandroeautor4aut.1 aEhrennreich, Bárbaraeautor4aut.1 aEstrella, Eduardoeautor4aut.1 aSampertegui, Fernandoeautor4aut.1 aVasco, Albertoeautor4aut.